000
00187 a2200097 4500
020
_a
9780618162093
041
_a
eng
100
_a
Houghton Mifflin
245
_a
Phonics Library
942
_c
BK
999
_c
9610
_d
9610